000 00862nam a22002417a 4500
005 20170124110052.0
010 _aB-163324
020 _c450.00
_a9780195668704
035 _aB-163324
037 _bCen Lib/Ret
040 _aDPL
_bEN
082 _a821.08
_bHAW
100 _aHawley, John Stratton
_925582
245 _aSongs of the saints of India /
_cby John Stratton Hawley; translated by Mark Juergensmeye
260 _aNew Delhi
_bOxford University Press
_c2006
270 _bNew Delhi
_aYMCA Library Building, Jai Singh Road
_e110001
300 _axxii,244p.
_c23cm(Hb)
500 _aIncludes bibliographical references and index
650 _aDevotional poetry, Indic -- Translations into English
_925583
650 _aPoets, Indic -- Biography
_925584
700 _aJuergensmeye, Mark
_925585
942 _2ddc
_cEN
_h821.08
_mHAW
999 _c129154
_d129154